000 01203nam a2200253Ia 4500
999 _c39644
_d39644
001 6244
003 GE_BSU
005 20200218160123.0
008 181216s2012|||| |||||||||||||| ||g ||
020 _a9789941157271
040 _cGE_BSU
041 _ageo
080 _a821.133.1-31 ფ-80
100 _aფონკინოსი, დავიდ.
_97135
245 _aჩემი ცოლის ეროტიკული პოტენციალი :
_bრომანი /
_cდავიდ ფონკინოსი ; ფრანგ. თარგმნა მერაბ ფიფიამ ; რედ. რუსუდან გორგაძე.
260 _aთბილისი.
260 _bბაკურ სულაკაურის გამ-ბა.
264 _aთბილისი :
_bბაკურ სულაკაურის გამ-ბა,
_c2012.
300 _a200 გვ.;
_c19 სმ.
653 _aრომანი
700 _aფიფია, მერაბ
_eფრანგულიდან თარგმნა
_96443
700 _aგორგაძე, რუსუდან
_eრედაქტორი
_97136
942 _cBK
_2udc